1585 1883 1061 1908 1115 1562 1364 1819 1788 1269 1584 1112 1153 1809 1940 1034 1719 1710 1788 1113 1706 1333 1716 1427 1971 1869 1700 1669 1273 1332 1493 1737 1283 1993 1063 1975 1782 1839 1460 1001 1963 1986 1851 1516 1131 1337 1215 1837 1520 1570 1935 1352 1853 1214 1456 1743 1085 1080 1382 1060 1445 1138 1470 1158 1805 1573 1272 1456 1116 1436 1887 1992 1908 1908 1669 1805 1364 1774 1919 1825 1661 1463 1324 1057 1590 1012 1673 1448 1075 1871 1323 1859 1618 1522 1565 1260 1746 1158 1643 BCNSPRNW ULIB Ver.6.0+V

เปลี่ยนเป็นภาษาไทย

Change to English
 แสดงรายละเอียดบรรณานุกรม
  กลับหน้าหลัก

Brief Record : Get Marc (ISO 2709) : E-mail record : QR code < ปิดหน้าต่าง
LEADER : 00000nam 2200000uu 4500
001    13399110003
003     ULIB
008    110419s2551||||th 000 0 tha d
020    9789740321026
060 04 WF553^bอ347ห 2551
100 0  อรรถการ นาคำ
245 10 หลักการใช้ยาและการดูแลผู้ป่วยโรคหืด =^bPrinciple ofpharmacotherapy and management in asthmatic patients /^cอรรถการ นาคำ
246 31 Principle of pharmacotherapy and management in asthmaticpatients
250    พิมพ์ครั้งที่ 1
260    กรุงเทพฯ :^bโรงพิมพ์แห่งจุฬาลงกรณ์มหาวิทยาลัย,^c2551
300    [11], 129 หน้า :^bภาพประกอบ ;^c26 ซม.
500    ผู้เขียนสังกัด คณะเภสัชศาสตร์ มหาวิทยาลัยนเรศวร
504    มีบรรณานุกรมและดัชนี
650  7 หืด^xการรักษาด้วยยา
650  7 ยาขยายหลอดลม
710 2  มหาวิทยาลัยนเรศวร. ^bคณะเภสัชศาสตร์
945    ^p130^l0^i024681
995    ทศพร
999 ^a ใช้งานได้ทุกระบบ
รายการนี้ยังไม่มีแท็ก
คุณยังไม่ได้ล็อกอิน คุณสามารถมีกิจกรรมร่วมกับเว็บไซต์ได้ แต่ต้องล็อกอินก่อน ::
  ล็อกอิน

รายการสื่อสารสนเทศ

ลำดับที่ ประเภท เลขเรียก/บาร์โค้ด สถานที่ สถานะ
- ไม่พบข้อมูล -

รายการใกล้เคียง
    ผู้แต่ง [อรรถการ นาคำ]

BibComment


ยังไม่เคยถูกคอมเมนท์

คอมเมนท์ทรัพยากรรายการนี้
  คอมเมนท์: หลักการใช้ยาและกา..


 Copyright 2026. Bcnsprnw @Library